Voice of the people: readings in public opinion an propaganda

Salvato in:
Dettagli Bibliografici
Autori principali: Christenson, Reo M (Autore), McWilliams, Robert O (Autore)
Natura: Libro
Lingua:inglese
Pubblicazione: Nueva York McGraw-Hill 1967
Edizione:2a. ed
Serie:McGraw-Hill Series in Political Science
Soggetti:
Tags: Aggiungi Tag
Nessun Tag, puoi essere il primo ad aggiungerne!!

MARC

LEADER 00000nam a2200000 a 4500
001 UCZ6998
003 CL-VaPUC
008 951222e19670000US |||||||||||||||||eng|d
082 0 4 |a 303.38  |b CHR  |2 21 
100 0 |a Christenson, Reo M  |e author  |9 351674 
700 0 |a McWilliams, Robert O  |e author  |9 351675 
245 1 0 |a Voice of the people: readings in public opinion an propaganda 
250 |a 2a. ed 
300 |a 632 P 
942 |c BK 
945 |d 19951222 00:00:00  |a rleighto 
260 |a Nueva York  |b McGraw-Hill  |c 1967 
650 0 |a Opinión pública  |9 255512 
650 0 |a Cultura  |9 269059 
650 0 |a Sociedad  |9 307903 
650 0 |a Medios de comunicación  |9 257206 
650 0 |a Medios de comunicación de masas  |9 257273 
650 0 |a Radiodifusión  |9 308795 
650 0 |a Prensa  |9 258117 
650 0 |a Televisión  |9 256845 
583 |a last modification  |c 19951222 00:00:00  |k Rodrigo Vera 
490 0 |a McGraw-Hill Series in Political Science 
999 |c 243133  |d 243131 
952 |0 0  |1 0  |4 0  |6 303_380000000000000_CHR_1967  |7 0  |8 A  |9 256567  |a BIBCUR  |b BIBCUR  |d 2019-11-19  |i 3150259  |o 303.38 CHR 1967  |p 3150259  |r 2025-04-22  |w 2019-11-19  |y BK  |k PER